| 000 | 00370nam a2200169Ia 4500 | ||
|---|---|---|---|
| 001 | 31357 | ||
| 003 | IN-NITTTR | ||
| 005 | 20251114233420.0 | ||
| 008 | 251113s9999||||xx |||||||||||||| ||eng|| | ||
| 040 | _beng | ||
| 040 | _cIN-NITTTR | ||
| 041 | _aeng | ||
| 082 | _a005.133 A11C | ||
| 100 | _aAlam, Tanweer | ||
| 245 | 0 |
_aCore Java / _cAlam, Tanweer |
|
| 942 |
_2ddc _cBK |
||
| 999 |
_c33987 _d33987 |
||